Contexto socio-cultural de la condición de pobreza y el beneficio de pobreza en la Universidad d México (1553-1700) / (Record no. 169374)

MARC details
000 -LEADER
campo de control de longitud fija 00855nam a22002175i 4500
001 - NÚMERO DE CONTROL
campo de control 169374
003 - IDENTIFICADOR DE NÚMERO DE CONTROL
campo de control ES-MaACL
005 - FECHA Y HORA DE LA ÚLTIMA TRANSACCIÓN
campo de control 20230906214056.0
008 - DATOS DE LONGITUD FIJA--INFORMACIÓN GENERAL
campo de control de longitud fija 080904s1996 gw |||| | spa d
080 ## - NÚMERO DE LA CLASIFICACIÓN DECIMAL UNIVERSAL
Número de la Clasificación Decimal Universal 37.06(72)"15/17"
080 ## - NÚMERO DE LA CLASIFICACIÓN DECIMAL UNIVERSAL
Número de la Clasificación Decimal Universal 364.22(72)"15/17"
100 1# - ENTRADA PRINCIPAL--NOMBRE DE PERSONA
Nombre de persona Abadie-Aicardi, Aníbal,
9 (RLIN) 17952
245 10 - MENCIÓN DEL TÍTULO
Título Contexto socio-cultural de la condición de pobreza y el beneficio de pobreza en la Universidad d México (1553-1700) /
Mención de responsabilidad, etc. por Aníbal Abadie-Aicardi.
260 ## - PUBLICACIÓN, DISTRIBUCIÓN, ETC.
Lugar de publicación, distribución, etc. Köln :
Nombre del editor, distribuidor, etc. Böhlau,
Fecha de publicación, distribución, etc. 1996.
300 ## - DESCRIPCIÓN FÍSICA
Extensión p. [99]-128 ;
Dimensiones 24 cm.
595 ## -
-- Separata de: Jahrbuch für Geschichte von Staat, Wirtschaft und Gesellschaft, Lateinamerikas, Bnd. 33.
650 14 - PUNTO DE ACCESO ADICIONAL DE MATERIA--TÉRMINO DE MATERIA
Término de materia o nombre geográfico como elemento de entrada Universidades-
Subdivisión geográfica México-
Subdivisión cronológica S.XVI-XVII.
9 (RLIN) 138067
650 #4 - PUNTO DE ACCESO ADICIONAL DE MATERIA--TÉRMINO DE MATERIA
Término de materia o nombre geográfico como elemento de entrada Pobreza-
Subdivisión geográfica México-
Subdivisión cronológica S.XVI-XVII.
9 (RLIN) 138066
852 ## - LOCALIZACIÓN
Ubicación ES-MaACL
Número de control de estantería 2234-F-13
itemnumber R.143883
Holdings
Estatus retirado Estado de pérdida Estado de daño No para préstamo Colección Biblioteca de origen Biblioteca actual Ubicación en estantería Fecha de adquisición Fuente de adquisición Total de préstamos Signatura topográfica completa Código de barras Visto por última vez Precio de reemplazo Tipo de ítem Koha
        Colección de folletos Biblioteca del Ateneo de Madrid Biblioteca del Ateneo de Madrid Depósito folletos 04/09/2008     2234-F-13 1177818 23/02/2023 23/02/2023 Folleto